[Event "10th Panam-ch (w)"]
[Site "Montevideo URU"]
[Date "2012.11.29"]
[Round "8"]
[White "Colombo Sere, Camila"]
[Black "Abarca Gonzalez, Damaris"]
[Result "1/2-1/2"]
[WhiteElo "2090"]
[BlackElo "2047"]
[EventDate "2012.11.24"]
[PlyCount "105"]

1.d4 d5 2.c4 c6 3.Nc3 Nf6 4.Nf3 dxc4 5.a4 Bf5 6.e3 e6 7.Bxc4 Bb4 8.O-O O-O
9.Qe2 Nbd7 10.e4 Bg4 11.e5 Nd5 12.Nxd5 cxd5 13.Bd3 Be7 14.Qe3 Bh5 15.Ng5 
Bxg5 16.Qxg5 Qxg5 17.Bxg5 Bg6 18.Bb5 Nb6 19.Rfc1 a6 20.a5 Nc4 21.Bxc4 dxc4
22.Rxc4 Be4 23.Be7 Rfe8 24.Rc7 Rac8 25.Rac1 Bc6 26.Rxc8 Rxc8 27.f4 f5 28.
exf6 Kf7 29.Rc3 gxf6 30.Bc5 Rg8 31.g3 h5 32.h3 f5 33.Kf2 Rh8 34.Rc1 Rg8 
35.b4 Rh8 36.Bd6 Rd8 37.Bc5 Rg8 38.Bb6 Rd8 39.Re1 Bd5 40.Rg1 Rc8 41.g4 
fxg4 42.hxg4 h4 43.Bc5 Rh8 44.Bd6 h3 45.Be5 Rh7 46.Rc1 Kg6 47.Rc7 Rxc7 48.
Bxc7 h2 49.f5+ exf5 50.gxf5+ Kxf5 51.Bxh2 Ke4 52.Be5 Kd3 53.Ke1 1/2-1/2

[Event "10th Panam-ch (w)"]
[Site "Montevideo URU"]
[Date "2012.11.29"]
[Round "8"]
[White "De San Vicente Yanes, Sabrina"]
[Black "Casusol Guzman, Cecilia Orilia"]
[Result "0-1"]
[WhiteElo "1748"]
[BlackElo "1991"]
[EventDate "2012.11.24"]
[PlyCount "67"]

1.d4 Nf6 2.c4 g6 3.Nc3 Bg7 4.e4 d6 5.f3 O-O 6.Be3 c5 7.Nge2 Nc6 8.Qd2 Rb8 
9.Rd1 cxd4 10.Nxd4 Nxd4 11.Bxd4 Qa5 12.Nd5 Qxd2+ 13.Rxd2 Nxd5 14.cxd5 Bd7 
15.Bxg7 Kxg7 16.Rc2 Rfc8 17.Kd2 f5 18.Bd3 Rxc2+ 19.Kxc2 Rc8+ 20.Kd2 Kf6 
21.Rc1 Rxc1 22.Kxc1 fxe4 23.fxe4 Ke5 24.Kd2 Kd4 25.h3 e6 26.dxe6 Bxe6 27.
a3 Bd7 28.Bc2 Bc6 29.Bd1 Bxe4 30.Bf3 Bxf3 31.gxf3 g5 32.Ke2 h5 33.Kd2 d5 
34.Ke2 0-1

[Event "10th Panam-ch (w)"]
[Site "Montevideo URU"]
[Date "2012.11.29"]
[Round "8"]
[White "Silva Rosas, Natalia"]
[Black "De Leon De San Vicente, Veronica"]
[Result "1/2-1/2"]
[WhiteElo "1924"]
[BlackElo "1690"]
[EventDate "2012.11.24"]
[PlyCount "47"]

1.f4 f5 2.Nf3 e6 3.e3 Nf6 4.Nc3 d5 5.g3 c6 6.a3 Bd6 7.Bg2 O-O 8.O-O Nbd7 
9.d4 Ne4 10.Nxe4 fxe4 11.Ne5 Nxe5 12.fxe5 Be7 13.Bd2 Bd7 14.Bb4 Rxf1+ 15.
Qxf1 Be8 16.Bxe7 Qxe7 17.Qf4 Bg6 18.Qf2 Rf8 19.Qd2 Qc7 20.b3 Bf5 21.Rf1 
Qe7 22.Qc1 b5 23.Qa1 Bg6 24.b4 1/2-1/2

[Event "10th Panam-ch (w)"]
[Site "Montevideo URU"]
[Date "2012.11.29"]
[Round "8"]
[White "Larrea Llorca, Maria Daniela"]
[Black "De Leon, Daiana"]
[Result "1-0"]
[WhiteElo "1652"]
[BlackElo "1723"]
[EventDate "2012.11.24"]
[PlyCount "32"]

1.d4 d5 2.e3 Nf6 3.Bd3 e6 4.f4 Be7 5.Nf3 Nbd7 6.O-O c5 7.c3 b6 8.Nbd2 Bb7 
9.Ne5 Qc8 10.Rf3 Ne4 11.Bb5 Nf6 12.Qa4 a6 13.Bd3 b5 14.Qd1 Ne4 15.Rh3 f5 
16.Qh5+ Kf8 1-0

[Event "10th Panam-ch (w)"]
[Site "Montevideo URU"]
[Date "2012.11.29"]
[Round "8"]
[White "Perez Cardozo, Cecilia Manuela"]
[Black "Costa Pasarello, Anaclara"]
[Result "0-1"]
[WhiteElo "1603"]
[BlackElo "1670"]
[EventDate "2012.11.24"]
[PlyCount "124"]

1.d4 e6 2.Nf3 f5 3.e3 d5 4.Bd3 Bd6 5.Nbd2 Nf6 6.b3 O-O 7.Bb2 Nbd7 8.O-O b6
9.Ne5 c5 10.f4 Bb7 11.Rf3 Ne4 12.Nxd7 Qxd7 13.Rh3 Qe8 14.Nf3 Rc8 15.Qe1 
Qe7 16.Ne5 Bxe5 17.fxe5 c4 18.bxc4 dxc4 19.Be2 g5 20.Bc3 Qd8 21.Bb4 Rf7 
22.Rh5 Qd5 23.Qf1 f4 24.Qf3 fxe3 25.Qxe3 Rg7 26.Bf3 g4 27.Bxe4 Qxe4 28.
Qxe4 Bxe4 29.Rh6 Re8 30.c3 Rf7 31.Rf1 Rf5 32.Rxf5 Bxf5 33.Kf2 Kg7 34.Rf6 
a5 35.Bd6 b5 36.Bc7 Ra8 37.Bd6 b4 38.cxb4 c3 39.Ke3 c2 40.Kd2 axb4 41.Bxb4
Rxa2 42.Rf8 c1=Q+ 43.Kxc1 Rxg2 44.d5 Rg1+ 45.Kb2 Rd1 46.dxe6 Bxe6 47.Re8 
Bf5 48.e6 Rh1 49.Bf8+ Kf6 50.e7 Rxh2+ 51.Kc3 g3 52.Rd8 Bg6 53.e8=Q Bxe8 
54.Rxe8 g2 55.Bc5 Kf5 56.Kd3 Kg4 57.Rf8 h5 58.Ke3 h4 59.Ke2 g1=Q+ 60.Rf2 
Rxf2+ 61.Bxf2 Qg2 62.Ke1 Kf3 0-1

[Event "10th Panam-ch (w)"]
[Site "Montevideo URU"]
[Date "2012.11.29"]
[Round "8"]
[White "Miraballes Lopez, Carol"]
[Black "De Leon De San Vicente, Patricia"]
[Result "0-1"]
[WhiteElo "1568"]
[BlackElo "1847"]
[EventDate "2012.11.24"]
[PlyCount "66"]

1.d4 Nf6 2.c4 g6 3.Nc3 Bg7 4.g3 O-O 5.Bg2 d6 6.Nf3 Nbd7 7.O-O c5 8.d5 Ng4 
9.h3 Nge5 10.Nd2 Nb6 11.Qb3 Rb8 12.f4 Ned7 13.Nf3 Na8 14.Qc2 a6 15.a4 Nc7 
16.b3 b5 17.Rb1 bxc4 18.bxc4 Nb6 19.Ne4 a5 20.Bd2 Ba6 21.Bxa5 Nxc4 22.Rxb8
Qxb8 23.Bxc7 Qxc7 24.Qd3 Qa7 25.Nc3 Rb8 26.Nb5 Bxb5 27.axb5 Na3 28.Qd1 
Nxb5 29.e4 Nd4 30.Nd2 Qa2 31.Kh1 Rb2 32.Nf3 Rxg2 33.Ne1 Rxg3 0-1

[Event "10th Panam-ch (w)"]
[Site "Montevideo URU"]
[Date "2012.11.30"]
[Round "9"]
[White "Felix Vega, Aurora Edith"]
[Black "Heredia Serrano, Carla"]
[Result "0-1"]
[WhiteElo "1963"]
[BlackElo "2206"]
[EventDate "2012.11.24"]
[PlyCount "58"]

1.e4 e6 2.Nc3 d5 3.Nf3 Nf6 4.e5 Nfd7 5.d4 c5 6.dxc5 Nc6 7.Bf4 Bxc5 8.Bd3 
h6 9.h4 a6 10.Qe2 Qb6 11.O-O-O Qa5 12.Kb1 b5 13.Rhe1 Nb6 14.Nd2 Na4 15.Nb3
Qb6 16.Nxd5 exd5 17.e6 Bxe6 18.Bf5 O-O 19.Bxe6 fxe6 20.Qxe6+ Kh7 21.Qg4 
Ne7 22.Re6 Rxf4 23.Qe2 Qc7 24.Nxc5 Qxc5 25.Rxe7 Rc8 26.Qd3+ Kh8 27.Re5 
Rxf2 28.Rxd5 Qxc2+ 29.Qxc2 Rcxc2 0-1

[Event "10th Panam-ch (w)"]
[Site "Montevideo URU"]
[Date "2012.11.30"]
[Round "9"]
[White "Feliciano Ebert, Vanessa"]
[Black "Fierro Baquero, Martha"]
[Result "0-1"]
[WhiteElo "2267"]
[BlackElo "2364"]
[EventDate "2012.11.24"]
[PlyCount "50"]

1.d4 g6 2.e4 Bg7 3.Nc3 c6 4.Bc4 d6 5.Qf3 e6 6.Nge2 Nd7 7.h4 Ngf6 8.Bg5 h6 
9.Be3 O-O 10.O-O-O h5 11.Bg5 Qc7 12.Qg3 b5 13.Bd3 b4 14.Nb1 c5 15.Nd2 Bb7 
16.f3 cxd4 17.Nxd4 Ne5 18.N2b3 Rfc8 19.Qf2 a5 20.Nb5 Nxd3+ 21.Rxd3 Qc4 22.
Nxd6 Qxd3 23.Nxc8 Rxc8 24.Nxa5 Bxe4 25.fxe4 Nxe4 0-1

[Event "10th Panam-ch (w)"]
[Site "Montevideo URU"]
[Date "2012.11.30"]
[Round "9"]
[White "Aliaga Fernandez, Ingrid"]
[Black "Martinez, Ayelen"]
[Result "0-1"]
[WhiteElo "2175"]
[BlackElo "2088"]
[EventDate "2012.11.24"]
[PlyCount "146"]

1.e4 c5 2.Nf3 d6 3.d4 cxd4 4.Nxd4 Nf6 5.Nc3 a6 6.Be2 e5 7.Nb3 Be7 8.Be3 
Be6 9.O-O Nbd7 10.f4 exf4 11.Bxf4 Ne5 12.Kh1 O-O 13.Nd4 Qc7 14.Nxe6 fxe6 
15.Qe1 Qc6 16.Bg5 Rf7 17.Qg3 Raf8 18.Bxf6 Rxf6 19.Rxf6 Rxf6 20.Rf1 Nc4 21.
Rxf6 Bxf6 22.Qh3 Kf7 23.Bg4 d5 24.Qxh7 Nxb2 25.Bh5+ Ke7 26.Ne2 Qxc2 27.h3 
Be5 28.g3 Qxe4+ 29.Qxe4 dxe4 30.Bg6 Nd3 31.Kg2 Nc5 32.Kf2 Kf6 33.Be8 g5 
34.Ke3 Bb2 35.h4 gxh4 36.gxh4 Ke5 37.h5 Kd5 38.Bg6 Bg7 39.Nf4+ Ke5 40.Nh3 
Bh6+ 41.Ke2 Na4 42.Nf2 Nc3+ 43.Kf1 Kf4 44.a3 Kf3 45.Nh3 b5 46.Bf7 e5 47.
Ng1+ Ke3 48.Nh3 Kd2 49.Ng1 Nd1 50.Bg6 Ke3 51.Ne2 Kf3 52.Ng1+ Ke3 53.Ne2 
Kd3 54.Ng3 Nc3 55.Nf5 Bf8 56.h6 Bxh6 57.Nxh6 Kd2 58.Nf7 e3 59.Nxe5 e2+ 60.
Kg2 e1=N+ 61.Kf1 Nc2 62.Nc6 Nxa3 63.Bf5 Nc4 64.Be6 Ne3+ 65.Kf2 Ne4+ 66.Kg1
Nc5 67.Bc8 Kc3 68.Kh2 Nc4 69.Kg2 a5 70.Na7 Nd6 71.Bg4 a4 72.Bf3 a3 73.Bd5 
Nb3 0-1

[Event "10th Panam-ch (w)"]
[Site "Montevideo URU"]
[Date "2012.11.30"]
[Round "9"]
[White "Vargas Talavera, Gabriela"]
[Black "Colombo Sere, Camila"]
[Result "0-1"]
[WhiteElo "2055"]
[BlackElo "2090"]
[EventDate "2012.11.24"]
[PlyCount "46"]

1.d4 Nf6 2.c4 g6 3.Nc3 Bg7 4.e4 d6 5.f3 O-O 6.Be3 e5 7.d5 c6 8.Qd2 cxd5 9.
cxd5 Nh5 10.O-O-O Nd7 11.g4 Nf4 12.Nge2 a6 13.Kb1 b5 14.Rc1 Nc5 15.Nxf4 
exf4 16.Bxf4 b4 17.Nd1 a5 18.Be3 a4 19.Bd4 Nb3 20.axb3 axb3 21.Qxb4 Bxd4 
22.Rxc8 Qxc8 23.Qxb3 Ra1+ 0-1

[Event "10th Panam-ch (w)"]
[Site "Montevideo URU"]
[Date "2012.11.30"]
[Round "9"]
[White "Abarca Gonzalez, Damaris"]
[Black "Nunez Marquina, Nataly Massiel"]
[Result "1-0"]
[WhiteElo "2047"]
[BlackElo "1933"]
[EventDate "2012.11.24"]
[PlyCount "77"]

1.e4 c5 2.Nf3 e6 3.d4 cxd4 4.Nxd4 a6 5.Be2 Nc6 6.Be3 Nge7 7.c4 b6 8.O-O 
Bb7 9.Nc3 Rc8 10.Nb3 Ne5 11.Nd2 d5 12.exd5 exd5 13.Nxd5 Nxd5 14.cxd5 Qxd5 
15.Nf3 Nxf3+ 16.Bxf3 Qxd1 17.Bxd1 Bc5 18.Bxc5 Rxc5 19.Re1+ Kf8 20.Bb3 g6 
21.Rad1 Rc7 22.f4 Kg7 23.Rd6 b5 24.Red1 Re8 25.Kf2 Rce7 26.R1d2 Re1 27.Rd7
R8e7 28.Rxb7 R1e2+ 29.Rxe2 Rxb7 30.Rd2 f6 31.Rd8 Rc7 32.Ra8 Rc6 33.Ke3 Rd6
34.Ra7+ Kh8 35.g4 h5 36.gxh5 gxh5 37.Bc2 Rc6 38.Be4 Re6 39.Rh7+ 1-0

[Event "10th Panam-ch (w)"]
[Site "Montevideo URU"]
[Date "2012.11.30"]
[Round "9"]
[White "Casusol Guzman, Cecilia Orilia"]
[Black "Larrea Llorca, Maria Daniela"]
[Result "1-0"]
[WhiteElo "1991"]
[BlackElo "1652"]
[EventDate "2012.11.24"]
[PlyCount "87"]

1.e4 e6 2.d4 d5 3.Nd2 dxe4 4.Nxe4 Bd7 5.Bd3 Bc6 6.Nf3 Bxe4 7.Bxe4 c6 8.O-O
Nf6 9.Bd3 Be7 10.c4 O-O 11.Re1 Nbd7 12.Bf4 c5 13.d5 exd5 14.cxd5 Nxd5 15.
Bxh7+ Kxh7 16.Qxd5 b6 17.Qe4+ Kg8 18.Qxe7 Re8 19.Qxe8+ Qxe8 20.Rxe8+ Rxe8 
21.Rd1 Nf6 22.Bg5 Ne4 23.Rd8 Kf8 24.Rxe8+ Kxe8 25.Be3 f6 26.Kf1 Nd6 27.Nd2
Ke7 28.Ke2 g5 29.Kd3 Ke6 30.Nc4 Nf7 31.a4 Kd5 32.f4 g4 33.Bf2 f5 34.Bh4 
Kc6 35.Ne5+ Nxe5+ 36.fxe5 Kd5 37.Bg3 a6 38.b3 b5 39.axb5 axb5 40.h4 gxh3 
41.gxh3 Ke6 42.h4 Kf7 43.h5 Kg7 44.Bf4 1-0

[Event "10th Panam-ch (w)"]
[Site "Montevideo URU"]
[Date "2012.11.30"]
[Round "9"]
[White "Costa Pasarello, Anaclara"]
[Black "Sanchez Zambrano, Vanessa"]
[Result "0-1"]
[WhiteElo "1670"]
[BlackElo "1942"]
[EventDate "2012.11.24"]
[PlyCount "74"]

1.d4 Nf6 2.c4 g6 3.f3 Bg7 4.e4 d6 5.Be3 O-O 6.Nc3 c5 7.Qd2 cxd4 8.Bxd4 Nc6
9.Be3 Qa5 10.Bd3 Ne5 11.Nge2 Be6 12.b3 b5 13.cxb5 Bxb3 14.O-O Bc4 15.Bxc4 
Nxc4 16.Qd3 Nxe3 17.Qxe3 Nd7 18.Rab1 Ne5 19.Nd5 Nc4 20.Qf2 Nd2 21.Qe1 Qxa2
22.Nec3 Qc2 23.Rc1 Qd3 24.Qe2 Qxe2 25.Nxe7+ Kh8 26.Nxe2 Nxf1 27.Kxf1 Rfb8 
28.Nd5 Rb7 29.Rc2 Rxb5 30.Nc7 Rb1+ 31.Kf2 Rc8 32.Nf4 Rb7 33.Nfd5 Bd4+ 34.
Kg3 Bb6 35.Nxb6 axb6 36.Rd2 Rcxc7 37.Rxd6 b5 0-1

[Event "10th Panam-ch (w)"]
[Site "Montevideo URU"]
[Date "2012.11.30"]
[Round "9"]
[White "Besso, Guadalupe"]
[Black "Silva Rosas, Natalia"]
[Result "1-0"]
[WhiteElo "1744"]
[BlackElo "1924"]
[EventDate "2012.11.24"]
[PlyCount "59"]

1.d4 f5 2.c4 Nf6 3.Nc3 g6 4.g3 Bg7 5.Bg2 O-O 6.Nf3 d6 7.O-O Nc6 8.d5 Ne5 
9.Qb3 Nfd7 10.Be3 Nxf3+ 11.exf3 f4 12.Bxf4 Nc5 13.Qc2 e5 14.Be3 b6 15.b4 
Nd7 16.Qb3 Rb8 17.Qa3 a6 18.Rac1 Qe7 19.Ne4 Nf6 20.Nxf6+ Bxf6 21.c5 b5 22.
cxd6 cxd6 23.Qa5 Qd8 24.Qxd8 Bxd8 25.Rc6 Be7 26.Rfc1 Rd8 27.Bb6 Re8 28.Bc7
Bd7 29.Bxb8 Bxc6 30.dxc6 1-0

[Event "10th Panam-ch (w)"]
[Site "Montevideo URU"]
[Date "2012.11.30"]
[Round "9"]
[White "De Leon De San Vicente, Patricia"]
[Black "De Leon De San Vicente, Veronica"]
[Result "1-0"]
[WhiteElo "1847"]
[BlackElo "1690"]
[EventDate "2012.11.24"]
[PlyCount "73"]

1.d4 d5 2.c4 e6 3.Nc3 Nf6 4.Bg5 Nbd7 5.cxd5 exd5 6.e3 c6 7.Bd3 Bd6 8.Qc2 
Qc7 9.Nf3 O-O 10.O-O Re8 11.Rfc1 Be7 12.Rab1 Qd8 13.b4 a6 14.a4 Nf8 15.b5 
axb5 16.axb5 Bd7 17.bxc6 bxc6 18.Na4 Ba3 19.Rd1 Ra7 20.Nc5 h6 21.Bh4 Rc7 
22.Ne5 Qe7 23.Nexd7 N8xd7 24.Nxd7 Rxd7 25.Qxc6 g5 26.Bg3 Bd6 27.Bxd6 Rxd6 
28.Qb7 Qe6 29.Rdc1 Re7 30.Qa8+ Re8 31.Rb8 Rxb8 32.Qxb8+ Kg7 33.Bf5 Qe7 34.
Rc7 Qf8 35.Qb7 Ng8 36.Rc8 Qe7 37.Rxg8+ 1-0

[Event "10th Panam-ch (w)"]
[Site "Montevideo URU"]
[Date "2012.11.30"]
[Round "9"]
[White "De Leon, Daiana"]
[Black "Perez Cardozo, Cecilia Manuela"]
[Result "1/2-1/2"]
[WhiteElo "1723"]
[BlackElo "1603"]
[EventDate "2012.11.24"]
[PlyCount "140"]

1.d4 e6 2.c4 f5 3.g3 Nf6 4.Bg2 Be7 5.Nf3 O-O 6.O-O d6 7.Nc3 Qe8 8.Qc2 Qg6 
9.Re1 Ne4 10.Nxe4 fxe4 11.Nh4 Bxh4 12.Bxe4 Qf6 13.Bxh7+ Kh8 14.e3 Qh6 15.
Be4 Be7 16.Bg2 Nc6 17.d5 Ne5 18.e4 Qf6 19.f4 Ng4 20.Rb1 exd5 21.cxd5 c6 
22.dxc6 bxc6 23.Qd1 d5 24.b4 Rb8 25.a3 Bc5+ 26.Kf1 Ba6+ 27.b5 Nxh2+ 28.Ke2
Bxb5+ 29.Rxb5 Rxb5 30.Rh1 Qh6 31.Qd3 Kg8 32.exd5 Re8+ 33.Kd1 Qh5+ 34.Kc2 
Qe2+ 35.Bd2 Qxd3+ 36.Kxd3 Ng4 37.dxc6 Nf2+ 38.Kc4 Rb2 39.Bd5+ Kf8 40.Bc3 
Nxh1 41.Bxb2 Bb6 42.Bxh1 Re2 43.Be5 Rc2+ 44.Kb5 g6 45.Ka6 Ke7 46.Kb7 Kd8 
47.Bb8 Rb2 48.Bxa7 Bxa7+ 49.Kxa7 Kc7 50.Bd5 Rb5 51.Bc4 Ra5+ 52.Ba6 Kxc6 
53.g4 Ra4 54.f5 Rxg4 55.fxg6 Rxg6 56.a4 Rg7+ 57.Ka8 Kb6 58.Bc8 Rg8 59.Kb8 
Ka5 60.Kc7 Rg7+ 61.Bd7 Rg1 62.Kb7 Rb1+ 63.Bb5 Re1 64.Kc7 Rh1 65.Bc6 Rh6 
66.Bb5 Rf6 67.Bc6 Ka6 68.Bb5+ Ka7 69.Kd7 Kb6 70.Ke7 Rh6 1/2-1/2